| 000 | 00854nam0a22002291i 4500 | ||
|---|---|---|---|
| 001 | rc\925453 | ||
| 005 | 20240726013926.0 | ||
| 035 | _a(NLR Aleph) 006099179 | ||
| 090 |
_a5240508 _c5240508 |
||
| 100 | _a20041129d1982 u |0rusy50 ca | ||
| 101 | 0 | _arus | |
| 102 | _aRU | ||
| 105 | _ay ||||||||| | ||
| 200 | 1 |
_aПовышение роли коммунистов в выработке политики БКП на современном этапе _e(С учетом опыта КПСС) _eАвтореф. дис. на соиск. учен. степ. канд. ист. наук _e(07.00.14) |
|
| 210 |
_aМ. _d1982 |
||
| 215 | _a22 с. | ||
| 300 | _aВ надзаг.: АОН при ЦК КПСС | ||
| 700 | 1 |
_aКушева _bМ.К. _gМаруся Коева |
|
| 801 | 0 |
_aRU _bNLR _gpsbo |
|
| 801 | 1 |
_aRU _bELAR _2rusmarc |
|
| 852 |
_aNLR _j83-4/5897 |
||
| 942 | _cBOOK | ||